000 nam a22 7a 4500
999 _c232462
_d232462
003 Nust
005 20170217120531.0
008 170217b xxu||||| |||| 00| 0 eng d
020 _a9788184080834
040 _cNust
082 _a823
_bHAM
245 _a30 Scottish master
_cEdited by J. A. Hammerton
260 _aNew Delhi:
_bIndiana,
_c2000
300 _a403 p.
650 _aLiterature
942 _2ddc
_cBK